| 000 | 00418nam a22001697a 4500 | ||
|---|---|---|---|
| 005 | 20251203092954.0 | ||
| 008 | 251203b |||||||| |||| 00| 0 eng d | ||
| 020 | _a978-93-93330-64-2 | ||
| 050 | _aQP 514.M39 2024 | ||
| 100 | _aMD RAFI | ||
| 245 | _aTEXTBOOK OF BIOCHEMISTRY | ||
| 250 | _a5th | ||
| 260 |
_aINDIA _bUNIVERSITIES PRESS _c2024 |
||
| 300 | _aX,771 | ||
| 500 | _aINCLUDES AN INDEX | ||
| 942 |
_2lcc _cBK |
||
| 999 |
_c216330 _d216330 |
||